Quizzes
Events
Quiz Creation
Community
Videos
Private Events
Remove Ads
Sign In
Join for FREE
Feedback
Dark Mode
Quiz Categories
Sports
Geography
Music
Movies
Television
Just For Fun
Miscellaneous
History
Literature
Language
Science
Gaming
Entertainment
Religion
Holiday
For Kids
Quiz Lab
Recent
Popular Today
Quiz Kudos Today
Editor Picks
Curator Picks
Quizzes by...
Day
Popularity
Type
Ratings
Length
Year
Community
Subscriptions
Recent Discussions
Orange Saloon
Badges
Playlists
Quests
Create
Leaderboards
Showdown
Live 5
Trivia Bingo
Activity
Puzzle Library
Sporcle Events
Private Events
Virtual Trivia
Globe League
Become a Host
Pub Owners
SporcleCon
Opinionation
Our Games
Videos
Blog
Mobile Apps
Partnerships
Remove Ads and Go Orange
Feedback
Music
Pop Music
The Beatles
Song
Album
Lyrics
Bands
Singers
Artist
Clip
Rock
Rap
Classical
Billboard
Country Music
Kpop
Taylor Swift
Music
Pop Music
The Beatles
Song
Album
Lyrics
Bands
Singers
Artist
Clip
Rock
Rap
Classical
Billboard
Country Music
Kpop
Taylor Swift
Random Quiz
Search Sporcle
×
Quiz Lab
Quiz Lab
Music
Song
Type in answers that appear in a list
Type in answers that appear in a list
Classic
Best Score? Go Orange.
Panic! At The Disco Songs Stats
Can you name the Panic! At The Disco Songs?
By
jake_the_ripper
5m
30 Questions
708 Plays
708 Plays
708 Plays
Comments
Comments
Give Quiz Kudos
Give Quiz Kudos
-
- Ratings
hide this ad
Replay
Link that replays current quiz
Next Quiz
Link to next quiz in quiz playlist
You Got
0%
They Got
Avg Score
57%
Avg Friend Score
Upgrade to see
Score Distribution
Jump to the score distribution portion of the page
Score
0/30
Timer
05:00
0
Plays Today
Album
Song
% Correct
A Fever You Can't Sweat Out
I Write Sins Not Tragedies
82.6%
Pretty. Odd.
Nine In The Afternoon
79.4%
A Fever You Can't Sweat Out
Camisado
74.6%
A Fever You Can't Sweat Out
Lying Is The Most Fun A Girl Can Have Without Taking Her Clothes Off
73.5%
A Fever You Can't Sweat Out
Introduction
71.3%
A Fever You Can't Sweat Out
But It's Better If You Do
70.4%
A Fever You Can't Sweat Out
Build God, Then We'll Talk
70.1%
A Fever You Can't Sweat Out
Time To Dance
68.5%
A Fever You Can't Sweat Out
Intermission
67.4%
Jennifer's Body
New Perspective
67.4%
A Fever You Can't Sweat Out
Nails For Breakfast, Tacks For Snacks
61.7%
Pretty. Odd.
Northern Downpour
61.4%
A Fever You Can't Sweat Out
The Only Difference Between Martyrdom And Suicide Is Press Coverage
57.7%
Pretty. Odd.
Mad As Rabbits
56.7%
Nightmare Before Christmas
This Is Halloween
56.6%
Album
Song
% Correct
Pretty. Odd.
We're So Starving
56.6%
A Fever You Can't Sweat Out
I Constantly Thank God For Esteban
56.5%
Pretty. Odd.
Behind The Sea
54.2%
A Fever You Can't Sweat Out
London Beckoned Songs About Money Written By Machines
53%
Pretty. Odd.
When The Day Met The Night
50.1%
Pretty. Odd.
She's A Handsome Woman
49.5%
Pretty. Odd.
Pas De Cheval
49.5%
A Fever You Can't Sweat Out
There's A Good Reason These Tables Are Numbered Honey, You Just Haven't Thought Of It Yet
49.1%
Pretty. Odd.
Folkin' Around
47.2%
Pretty. Odd.
That Green Gentleman (Things Have Changed)
45.7%
Pretty. Odd.
She Had The World
44.5%
Pretty. Odd.
I Have Friends In Holy Spaces
41.1%
Pretty. Odd.
The Piano Knows Something I Don't Know
41.1%
Pretty. Odd.
Do You Know What I'm Seeing?
39.4%
Pretty. Odd.
From A Mountain In The Middle Of The Cabins
37.6%
Quiz Playlist
Details
Report
Send in Message
Add To Playlist
Classic:
Type in answers that appear in a list
Last Updated: Feb 16, 2017
Quiz Scoreboard
CHALLENGE
Sign Up to Join the Scoreboard
Show All
Scores
Hide
Comments
May contain spoilers
Recently Published
NBA Finals Game Top Scorers (2010s)
by flibbidy
Sports
5m
Guess the 'R' Things in 3 Words
by MSUKent
Miscellaneous
3m
Actor to Badly Drawn Movie III
by MoMosMoProblems
Movies
5m
More to Explore
Quiz From the Vault
Featured Blog Post
Where Does Lost Luggage Go?
hide this ad
You Might Also Like...
Tags
Album Quiz
Song Quiz
disco
panic
Panic! At the Disco
Today's Top Quizzes in Music
Browse Music
hide this ad
Today's Top Quizzes in Song
Browse Song
Top Contributed Quizzes in Music
1
Taylor Swift All Songs (2024)
2
Image Sorting: Rock Albums II
3
Image Sorting: Rock Albums III
4
Image Sorting: Rock Albums IV
5
Image Sorting: Rock Albums V
6
Image Sorting: Rock Albums VI
7
Taylor Swift Logic Puzzle
8
Adjectives in 80s Songs
9
Image Sorting: Album Titles
10
Nickname Match: Musicians
Explore More
Trending Topics
Disney
Kpop
Anime
Crossword
NBA
Harry Potter
Marvel
Soccer
Pokémon
The Office
Country
NFL
Song
Puzzle
WWE
hide this ad
More By:
jake_the_ripper
Quiz
Plays
Rating
Category
Featured
Created
Panic! At The Disco Songs
708
4.00
Music
Mar 13, 2010
My Chemical Romance Songs
351
5.00
Music
Mar 13, 2010
Bring Me The Horizon Songs
312
Music
Mar 13, 2010
Go to Creator's Profile
Score Distribution
Quiz Creator Spotlight
jake_the_ripper
Follow
Send a Message
Quizzes Created
-
Created Quiz Play Count
-
More By This Creator
Popular Quizzes Today
1
Find the US States - No Outlines Minefield
2
Find the US States
3
The Countries of the World
4
10 Largest US States in Order
5
Find the Countries of Europe - No Outlines Minefield
6
US States
7
Guess the 'R' Things in 3 Words
8
NBA Finals Game Top Scorers (2010s)
More Music Quizzes
REAL Lana Del Rey Songs
Quiz Lab
Trending Quizzes
First Name TV: Leading Men
Match the Book to the Film II
3-Word Movies in 1 Word II
First Name TV: Leading Women Drama
Match the Book to the Film VI
Recently Updated
Women's Final Four Teams by Year
bhenderson79
Presidents Quartet II
eogle
Anything But Clue(do)
eogle
Anything But Oceanian Capitals
eogle
Anything But 7
eogle
Anything But Thing
eogle
Word Ladder: February 29
pecheneg
Song Title Questions
pecheneg
Women's NCAA Tournament #1 Seeds
pecheneg
Celebrity Mug Shots
pecheneg
Trending Topics
NBA
Anime
Disney
Crossword
Harry Potter
Marvel
Kpop
Soccer
The Office
Pokémon
WWE
Song
Country
NFL
Puzzle
Your Account Isn't Verified!
In order to create a playlist on Sporcle, you need to verify the email address you used during registration. Go to your
Sporcle Settings
to finish the process.
Report this User
Report this user for behavior that violates our
Community Guidelines
.
Details:
Send Report
Go to the Sporcle.com Mobile Site →
Comments